LEADER 01699nam a2200337 a 4500 001 000000139109 003 CaOOAMICUS 005 20170512111031.0 008 140708s2014 it u000 u ita r 020 $z978-88-88926-54* 032 $aLibriCat 040 $aPUL$bita 082 04$a189.4 100 1 $aRenzi, Fabrizio.$0(OLS)http://pul/name/82005 245 13$aLa conoscenza metafisica tra molteplicità e unità :$bTommaso d'Aquino a confronto con Avicenna /$cFabrizio Renzi ; presentazione di Antonio Livi. 260 $aRoma :$bLeonardo da Vinci,$c2014. 300 $a215 p. ;$c24 cm 490 1 $aGrande Enciclopedia epistemologica. Nuova serie. Scienze filosofiche. Metafisica e teologia naturale ;$v10 500 $aContiene indice. 504 $aBibliografia p. 189-211. 600 04$aThomas Aquinas,$cs.,$dc. 1225-1274$xMetafisica.$0(OLS)http://pul/subject/4817 830 0$aGrande Enciclopedia epistemologica.$pNuova serie ;$v10.$0(OLS)http://pul/title/168261 850 $aPUL 852 $aPUL$W1$xSL Filosofia 3$y81$m121 COLL 1.10$j160686$qDDC 21$B160094$CPULBib$Z2$F160094 $H124345 $82 852 $aPUL$W1$xDP2 Filosofia 3$y112$m121 COLL 1.10B$j195071$bseconda copia$qDDC 21$B199971$CPULBib$Z2$F199971 $H132173 $81 941 1 $a9 996 $6020$z978-88-88926-54*$9(OLS)http://pul/number/155694 996 $6082$a189.4$9(OLS)http://pul/classification/695 996 $6245$aLa conoscenza metafisica tra molteplicità e unità :$bTommaso d'Aquino a confronto con Avicenna$9(OLS)http://pul/title/176135 996 $6260$aRoma :$bLeonardo da Vinci$9(OLS)http://pul/publisher/51778 LEADER 01217nam a2200265 a 4500 001 000000164113 003 CaOOAMICUS 005 20171109175904.0 008 171109s1965 sp m 000 u spa d 032 $aLibriCat 040 $aPUL$bita 100 0 $aFaustino de Pablo Maroto,$cO.C.D.$0(OLS)http://pul/name/105484 245 10$aAmor y conocimiento en la vida mística según Hugo de Balma / $cFaustino de Pablo Maroto, O.C.D. 260 $aMadrid :$b[s.n.],$c1965. 300 $a65 p. ;$c24 cm. 502 $aEstratto di Tesi-- Pontificia Facultas Theologica SS. Theresiae a Iesu et Ioannis a Cruce in Urbe. 1965. 504 $aBibliografia in nota a piè pagina. 600 04$aHugo de Balma, $cO.Carth.,$df. 1289-1304.$0(OLS)http://pul/subject/45107 710 2 $aTeresianum.$kTesi.$0(OLS)http://pul/name/6101 850 $aPUL 852 $aPUL$W1$xDP1 Tesi Pon. Fac. Teresianum$y48$mTH TER 16$j188202$qTesi$B191383$CPULBib$Z2$F191383 $H28473 $82 941 1 $a16 996 $6245$aAmor y conocimiento en la vida mística según Hugo de Balma / $9(OLS)http://pul/title/203805 996 $6260$aMadrid :$b[s.n.]$9(OLS)http://pul/publisher/49535